Fisiología humana (Registro nro. 2941)

Detalles MARC
000 -CABECERA
campo de control de longitud fija 01095nam a22002777a 4500
003 - IDENTIFICADOR DEL NÚMERO DE CONTROL
campo de control AR-RoIUNI
005 - FECHA Y HORA DE LA ÚLTIMA TRANSACCIÓN
campo de control 20241122062917.0
007 - CAMPO FIJO DE DESCRIPCIÓN FÍSICA--INFORMACIÓN GENERAL
campo de control de longitud fija ta
008 - DATOS DE LONGITUD FIJA--INFORMACIÓN GENERAL
campo de control de longitud fija 160122s2014 sp ||||| |||| 00| 0 spa d
020 ## - NÚMERO INTERNACIONAL ESTÁNDAR DEL LIBRO
Número Internacional Estándar del Libro 9786079356149
040 ## - FUENTE DE LA CATALOGACIÓN
Centro/agencia transcriptor AR-RoIUNI
Centro/agencia modificador OCLC
Lengua de catalogación spa
Normas de descripción aarc2
080 ## - NÚMERO DE LA CLASIFICACIÓN DECIMAL UNIVERSAL
Número de la Clasificación Decimal Universal 612 SIL
100 1# - ENTRADA PRINCIPAL--NOMBRE DE PERSONA
Nombre de persona Silverthorn, Dee Unglaub
9 (RLIN) 249
Títulos y otros términos asociados al nombre PhD
245 10 - MENCIÓN DE TÍTULO
Título Fisiología humana
Resto del título un enfoque integrado
Mención de responsabilidad, etc. Dee Unglaub Silverthorn ; con la colaboración de Bruce R. Johnson y William C. Ober ; Claire W. Garrison (ilustradora) ; Andrew C. Silverthon (consultor clínico).
250 ## - MENCIÓN DE EDICIÓN
Mención de edición 6a ed
260 ## - PUBLICACIÓN, DISTRIBUCIÓN, ETC. (PIE DE IMPRENTA)
Lugar de publicación, distribución, etc. Buenos Aires
Nombre del editor, distribuidor, etc. Panamericana
Fecha de publicación, distribución, etc. c2014.
300 ## - DESCRIPCIÓN FÍSICA
Extensión XXXII, 890, [86] p.
Otras características físicas il. col.
Dimensiones 28 cm
504 ## - NOTA DE BIBLIOGRAFÍA, ETC.
Bibliografía, etc. Incluye índice.
505 0# - NOTA DE CONTENIDO CON FORMATO
Nota de contenido con formato Unidad 1. Procesos celulares básicos: integración y coordinación -- Unidad 2. Homeostasia y control -- Unidad 3. Integración de las funciones -- Unidad 4. Metabolismo, crecimiento y envejecimiento.
650 #0 - PUNTO DE ACCESO ADICIONAL DE MATERIA--TÉRMINO DE MATERIA
Término de materia o nombre geográfico como elemento inicial Odontología
9 (RLIN) 546
650 10 - PUNTO DE ACCESO ADICIONAL DE MATERIA--TÉRMINO DE MATERIA
Término de materia o nombre geográfico como elemento inicial Medicina
9 (RLIN) 58
650 10 - PUNTO DE ACCESO ADICIONAL DE MATERIA--TÉRMINO DE MATERIA
Término de materia o nombre geográfico como elemento inicial Fisiología
9 (RLIN) 136
700 1# - PUNTO DE ACCESO ADICIONAL--NOMBRE DE PERSONA
Nombre de persona Ober, William C.
700 1# - PUNTO DE ACCESO ADICIONAL--NOMBRE DE PERSONA
Nombre de persona Johnson, Bruce R.
942 ## - ELEMENTOS DE PUNTO DE ACCESO ADICIONAL (KOHA)
Fuente del sistema de clasificación o colocación Clasificación Decimal Universal
Tipo de ítem Koha Libros
Existencias
Estado de retiro Estado de pérdida Fuente del sistema de clasificación o colocación Estado dañado Excepción de préstamo Código de colección Localización permanente Ubicación/localización actual Ubicación en estantería Fecha de adquisición Número de inventario Total de préstamos Renovaciones totales Signatura topográfica completa Código de barras Fecha visto por última vez Fecha del último préstamo Precio válido a partir de Tipo de ítem Koha Número de copia En préstamo
    Clasificación Decimal Universal     Odontología BIBLIOTECA RIOBAMBA BIBLIOTECA RIOBAMBA BIBLIOTECA RIOBAMBA 22/01/2016 2991 19 4 612 SIL 2991c 17/06/2025 06/06/2025 22/01/2016 Libros 1  
    Clasificación Decimal Universal     Medicina BIBLIOTECA CENTRAL BIBLIOTECA CENTRAL BIBLIOTECA CENTRAL 16/06/2015 2040 20 2 612 SIL 2040c 26/03/2026 26/03/2026 16/06/2015 Libros    
    Clasificación Decimal Universal     Medicina BIBLIOTECA CENTRAL BIBLIOTECA CENTRAL BIBLIOTECA CENTRAL 24/04/2019 5297 9 6 612 SIL 5297c 26/03/2026 26/03/2026 24/04/2019 Libros   14/04/2026